000 01392cam a2200361 a 4500
001 EDZ0000062088
003 StDuBDS
005 20161031105201.0
006 m||||||||d||||||||
007 cr |||||||||||
008 120307s1998 cau fo| 001|0|eng d
020 _a9781452243368 (ebook) :
_cNo price
040 _aStDuBDS
_beng
_cStDuBDS
_epn
049 _aAlfaisal Main Library
050 0 _aLB2369
_b.S383 1998
082 0 4 _a808.066378
_223
100 1 _aFitzpatrick, Jacqueline.
245 1 0 _aSecrets for a successful dissertation
_h[electronic resource] /
_cJacqueline Fitzpatrick, Jan Secrist, Debra J. Wright.
260 _aThousand Oaks, Calif. ;
_aLondon :
_bSAGE,
_c1998.
300 _a1 online resource (xvi, 184p.)
504 _aIncludes bibliographical references and index.
520 8 _aThis discussion of the dissertation process takes the student from the doctoral proposal to the formal defence of the dissertation.
521 _aSpecialized.
588 _aDescription based on print version record.
650 0 _aDissertations, Academic.
655 7 _aElectronic books.
_2local
700 1 _aSecrist, Jan.
700 1 _aWright, Debra J.
710 2 _aSage eBooks
776 0 8 _iPrint version :
_z9780761912514
856 4 0 _uhttp://ezproxy.alfaisal.edu/login?url=http://sk.sagepub.com/books/secrets-for-a-successful-dissertation
942 _2lcc
_cEBOOKS
999 _c481179
_d481179